000 00210 a2200085 4500
020 _a9780754823131
100 _a Susie Hodge
245 _aCezanne: His Life and Works in 500 Images
260 _b Lorenz Books
_c2011
999 _c13665
_d13665